00701nam a2200241 a 4500001001300000003000900013005001700022008004100039020000900080082001700089100002000106245002700126260004800153300000900201500003500210505001000245650003900255700002000294902000800314942000700322952011500329999001500444nice12345678IN_TiNIC20260116011751.0050524s1977 newa grp 000 0 eng  ac3500a291.172bROU aRouner, Leroy S aDiscovery of Humankind aNew DelhibIslam & Modern Age Societyc1977 a152p aincludes index and biblioraphy2 aIndex aReconciliation-Interfaith Dialogue1 aRouner, Leroy S bSRS cBK 001040708StackRoom-aHMIbHMId2007-07-17g35.00l0o291.172 ROUp09814r2007-07-17v35.00w2005-05-24yBK c3814d3814